Statistics for 20 Countries Closest to the Central African Republic

Click here to take the quiz!

General Stats

  • This quiz has been taken 609 times
  • The average score is 18 of 20

Answer Stats

HintAnswer% Correct
0 kmD.R. Congo
99%
0 kmChad
98%
739 kmNiger
97%
0 kmSouth Sudan
97%
315 kmNigeria
96%
0 kmSudan
96%
754 kmRwanda
94%
0 kmCongo
93%
738 kmKenya
93%
682 kmEthiopia
92%
756 kmTanzania
92%
415 kmUganda
92%
0 kmCameroon
91%
867 kmBurundi
89%
898 kmAngola
87%
463 kmEquatorial-Guinea
86%
234 kmGabon
86%
960 kmLibya
85%
1.250 kmEgypt
84%
888 kmSao Tome
62%

Score Distribution

Percentile by Number Answered

Percent of People with Each Score

Your Score History

You have not taken this quiz